Normale Ansicht MARC-Ansicht ISBD

Dramatischer Hilferuf von Frankfurter Einzelhändlern. (Titelsatznr. 80732)

[ MARC ]
MARC-Details
000 -Satzkennung
Kontrollfeld mit fester Länge 00752nam a22001817a 4500
008 - Feld mit fester Länge zur physischen Beschreibung - Allgemeine Angaben
Kontrollfeld mit fester Länge 201130b ||||| |||| 00| 0 eng d
040 ## - Katalogisierungsquelle
Katalogisierungssprache ger
Übertragungsstelle STAFF
Beschreibungsfestlegungen rda
Original-Katalogisierungsstelle STAFF
041 ## - Sprachcode
Sprachcode des Textes/der Tonspur oder des separaten Titels ger
100 ## - Person oder Familie als 1. geistiger Schöpfer
Personenname Matschowiak, Renè
245 ## - Titel
Haupttitel Dramatischer Hilferuf von Frankfurter Einzelhändlern.
Titelzusatz Geschäftsinhaber aus der Karl-Marx-Straße und dem Oderturm sehen für die Zukunft schwarz, sie fordern "endlich eine Perspektive" / /
Verantwortlichkeitsangabe Renè Matschowiak
653 ## - Lokales Schlagwort
Nicht-normierter Term Frankfurt (Oder)
653 ## - Lokales Schlagwort
Nicht-normierter Term Einzelhändler
773 ## - Übergeordnete Einheit
Ort, Verlag und Erscheinungsjahr Frankfurt (Oder): Märkisches Verlags- und Druckhaus GmbH & Co KG
Verknüpfungsangaben 32. Jahrgang (2021) Nr. 40 vom 17.02.2021, S. 13: Foto
Titel Märkische Oderzeitung
942 ## - Zusätzliche Felder (Koha)
Koha-Medientyp Aufsätze
Exemplare
Ausgeschieden Verloren Beschädigt Nicht entleihbar Permanenter Standort Aktueller Standort Aufstellungsort Eingabedatum Anzahl Ausleihen Signatur Letzte Aktivität Preis gültig von Medientyp
        Stadtarchiv Frankfurt (Oder) | Archivbibliothek Stadtarchiv Frankfurt (Oder) | Archivbibliothek Magazin 17/02/2021   Z2 17/02/2021 17/02/2021 Aufsätze